01150nam a2200301Ia 4500001001200000003000800012006001900020007001500039008004100054010001700095020001800112020002800130040002100158035002100179050002400200100002100224245009400245260004500339300002500384504005100409533015200460650002400612650002300636655002900659710001700688856012600705999001700831ebr10254609CaPaEBRm u cr cn|||||||||010323s2001 maua sb 001 0 eng d z 2001025915 z9780750673419 z0750673419 (alk. paper) aCaPaEBRcCaPaEBR a(OCoLC)16259205514aTA174b.P644 2001eb1 aPoli, C.,d1935-10aDesign for manufacturingh[electronic resource] :ba structured approach /cCorrado Poli. aBoston :bButterworth-Heinemann,cc2001. axxxi, 375 p. :bill. aIncludes bibliographical references and index. aElectronic reproduction.bPalo Alto, Calif. :cebrary,d2011.nAvailable via World Wide Web.nAccess may be limited to ebrary affiliated libraries. 0aEngineering design. 0aIndustrial design. 7aElectronic books.2local2 aebrary, Inc.40uhttp://site.ebrary.com/lib/rucke/Doc?id=10254609zAn electronic book accessible through the World Wide Web; click to view c35230d35230